[Event "35th World Open"]
[Site "King of Prussia USA"]
[Date "2007.06.04"]
[Round "8"]
[White "Zenyuk,I"]
[Black "Langer,M USA"]
[Result "0-1"]
[WhiteElo "2177"]
[BlackElo "2315"]
[EventDate "2007.06.30"]

1. d4 Nf6 2. Nf3 e6 3. c4 c5 4. d5 exd5 5. cxd5 d6 6. Nc3 g6 7. e4 a6 8. a4
Bg4 9. Qb3 Bxf3 10. Qxb7 Nbd7 11. gxf3 Nh5 12. Bg2 Bg7 13. O-O O-O 14. Ne2
Ne5 15. Qb3 Rb8 16. Qc2 Rb4 17. Rb1 Nc4 18. Nc3 Qh4 19. Na2 Be5 20. Rd1
Qxh2+ 21. Kf1 Rxb2 22. Rxb2 Nxb2 23. f4 Nxf4 24. Bxf4 Qxf4 25. Rb1 Rb8 26.
Nc3 Qf6 27. Rxb2 Rxb2 28. Qxb2 Bxc3 29. Qe2 Bd4 30. Qf3 Qg5 31. Bh3 c4 32.
Qg3 Qd2 0-1

[Event "35th World Open"]
[Site "King of Prussia USA"]
[Date "2007.06.04"]
[Round "9"]
[White "Abramovic,B"]
[Black "Arakhamia,K"]
[Result "1/2-1/2"]
[WhiteElo "2509"]
[BlackElo "2435"]
[EventDate "2007.06.30"]

1. d4 Nf6 2. Nf3 g6 3. Bf4 Bg7 4. e3 d6 5. h3 O-O 6. c3 Nbd7 7. Be2 b6 8.
O-O Bb7 9. Nbd2 Ne4 10. Nxe4 Bxe4 11. Nd2 Bb7 12. Bf3 Bxf3 13. Qxf3 e5 14.
Bh2 f5 15. dxe5 Nxe5 16. Qd5+ Kh8 17. Rad1 a5 18. a4 Qd7 19. Nc4 Nxc4 20.
Qxc4 Rae8 21. b3 g5 22. Rfe1 Re6 23. Qd3 Qe7 24. Kf1 Qf7 25. c4 Qh5 26. Kg1
Qe8 27. Kf1 Qh5 28. Kg1 Rh6 29. e4 f4 30. f3 Be5 31. Kf1 Qe8 32. Bg1 c5 33.
Ke2 Rg6 34. Bf2 Qc8 35. Rh1 Kg7 36. Be1 h5 37. Bc3 Qe8 38. Bxe5+ Qxe5 39.
Qc2 g4 40. hxg4 hxg4 41. Rd5 gxf3+ 42. Kxf3 Rg3+ 43. Kf2 f3 44. Rxe5 fxg2+
45. Kxg3 gxh1=Q 46. Rf5 Rxf5 47. exf5 Kf6 48. Qd3 Qg1+ 49. Kf3 Qh2 50. Qe4
Qh5+ 51. Ke3 Qxf5 52. Qc6 Qh3+ 53. Kd2 Qxb3 54. Qxd6+ Kf5 55. Qd5+ Kf4 56.
Qd6+ Kf3 57. Qf6+ Ke4 1/2-1/2

[Event "35th World Open"]
[Site "King of Prussia USA"]
[Date "2007.06.04"]
[Round "9"]
[White "Yap,N"]
[Black "Hess,Ro"]
[Result "0-1"]
[WhiteElo "2298"]
[BlackElo "2412"]
[EventDate "2007.06.30"]

1. e4 e5 2. Nf3 Nc6 3. Bb5 a6 4. Ba4 d6 5. c3 Bd7 6. O-O Nge7 7. d4 Ng6 8.
d5 Nb8 9. Bxd7+ Nxd7 10. c4 Be7 11. Nc3 h6 12. Be3 Bg5 13. Qd2 Bxe3 14.
Qxe3 Nf4 15. Ne2 Nxe2+ 16. Qxe2 O-O 17. b4 f5 18. exf5 Rxf5 19. Rac1 a5 20.
a3 axb4 21. axb4 Ra3 22. Nd2 Qh4 23. g3 Qd4 24. Ne4 Nf6 25. Nxf6+ Rxf6 26.
Rfd1 Qb6 27. Qb2 Qa6 28. Rd2 Rff3 29. Qb1 Rab3 30. Qg6 Qa3 31. Rdc2 Qxb4
32. c5 Rf7 33. cxd6 Qxd6 34. Qe6 Rb6 35. Qc8+ Kh7 36. Rxc7 Qxd5 37. Rxf7
Qxf7 38. Qg4 Qg6 39. Qe2 Rb1 40. Rxb1 Qxb1+ 41. Kg2 b5 42. Qxe5 b4 43. f4
Qc2+ 44. Kh3 Qc8+ 45. f5 b3 46. Qb5 Qc2 47. Qd5 b2 48. Qe6 Qc5 49. Qg6+ Kg8
50. Qe8+ Qf8 51. Qb5 Qf6 52. Kg2 Kh7 53. Kh3 Qd4 54. Qe8 Qb6 0-1

[Event "35th World Open"]
[Site "King of Prussia USA"]
[Date "2007.06.04"]
[Round "9"]
[White "Sharavdorj,D"]
[Black "Sarkar,J"]
[Result "1/2-1/2"]
[WhiteElo "2454"]
[BlackElo "2418"]
[EventDate "2007.06.30"]

1. Nf3 Nf6 2. c4 c6 3. Nc3 d5 4. d4 e6 5. Bg5 h6 6. Bxf6 Qxf6 7. e3 Nd7 8.
Bd3 dxc4 9. Bxc4 g6 10. O-O Qe7 11. e4 Bg7 12. e5 O-O 13. Re1 b6 14. Qc2
Rd8 15. Rad1 Bb7 16. a3 Rab8 17. Ba2 c5 18. d5 exd5 19. Nxd5 Bxd5 20. Bxd5
Nf8 21. a4 Ne6 22. Bc4 Rxd1 23. Rxd1 Rd8 24. Re1 Kf8 25. b3 h5 26. g3 Bh6
27. Qe4 Kg7 28. a5 Bd2 29. Nxd2 Rxd2 30. Qe3 Rd4 31. axb6 axb6 32. h4 Qd7
33. Qf3 b5 34. Bf1 Rd2 35. Qf6+ Kg8 36. Ra1 Rd1 37. Ra8+ Nf8 38. Qf3 Re1
39. Rb8 Rxe5 40. Bxb5 Qh3 41. Bf1 Re1 42. Qd3 Rc1 43. Qe2 Rb1 44. Qc4 Kg7
45. Qc3+ Kg8 46. Qd3 Rc1 47. Qc4 Rxc4 48. Bxh3 Rc1+ 49. Bf1 Kg7 50. Rb7 Kf6
51. Kg2 Rb1 52. Bc4 Ne6 53. Kf3 Rb2 54. Ke3 Rb1 55. f3 Rb2 56. g4 hxg4 57.
fxg4 Rh2 58. g5+ Ke5 59. Rxf7 Rxh4 60. Re7 Re4+ 61. Kd3 Kd6 62. Ra7 Nxg5
63. Ra6+ Ke5 64. Rxg6 Rd4+ 65. Ke3 Re4+ 66. Kd3 Rd4+ 67. Kc2 Ne4 68. Bd3
Kd5 69. Rg8 Nd6 70. Be2 Kc6 71. Bf3+ Kc7 72. Be2 Ne4 73. Bd3 Nd6 74. Rg7+
Kb6 75. Rg6 Kc6 76. Rh6 Kc7 77. Kc3 Ne4+ 78. Kc2 Nd6 79. Re6 Kd7 80. Rh6
Kc7 81. Be2 Kc6 82. Bf3+ Kc7 83. Rh7+ Kb6 84. Rd7 Kb5 85. Rd8 Kb6 86. Rd7
Kb5 87. Rc7 Kb6 88. Re7 c4 89. bxc4 Rxc4+ 90. Kd3 Rf4 91. Bg2 Rg4 92. Bf3
Rf4 93. Ke2 Nf5 1/2-1/2

[Event "35th World Open"]
[Site "King of Prussia USA"]
[Date "2007.06.04"]
[Round "9"]
[White "Martinez,Marce"]
[Black "Hansen,Lars"]
[Result "0-1"]
[WhiteElo "2386"]
[BlackElo "2251"]
[EventDate "2007.06.30"]

1. e4 e6 2. d4 d5 3. Nc3 Nf6 4. e5 Nfd7 5. f4 c5 6. Nf3 cxd4 7. Nxd4 Bb4 8.
Be3 Nc6 9. a3 Bc5 10. Qd2 O-O 11. g3 Qe7 12. Nb3 b6 13. Be2 Bb7 14. O-O
Rad8 15. Nb5 f6 16. exf6 Nxf6 17. N5d4 Ne4 18. Qc1 e5 19. fxe5 Qxe5 20.
Nxc6 Bxc6 21. Nxc5 Nxg3 22. Rxf8+ Rxf8 23. Bd3 d4 24. Bc4+ Kh8 25. Bf4 Rxf4
26. Qd2 Ne2+ 0-1

[Event "35th World Open"]
[Site "King of Prussia USA"]
[Date "2007.06.04"]
[Round "9"]
[White "Smith,Bry"]
[Black "Khachiyan,M"]
[Result "0-1"]
[WhiteElo "2386"]
[BlackElo "2475"]
[EventDate "2007.06.30"]

1. e4 e5 2. Nf3 Nc6 3. Bb5 Nf6 4. d3 Bc5 5. O-O d6 6. c3 O-O 7. Re1 Ne7 8.
Nbd2 Ng6 9. d4 Bb6 10. Nc4 c6 11. Nxb6 Qxb6 12. Bf1 Bg4 13. dxe5 Nxe5 14.
Qxd6 Nxf3+ 15. gxf3 Bxf3 16. Qf4 Bh5 17. Bg2 Rfe8 18. b3 Ng4 19. h3 Ne5 20.
Be3 Qc7 21. Kh1 Rad8 22. b4 Qc8 23. Bd4 Nf3 24. Bxg7 Kxg7 25. Qg3+ Kf8 26.
Bxf3 Rd3 27. Re3 Rxe3 28. fxe3 Bxf3+ 29. Qxf3 Qe6 30. Rd1 Qxe4 31. Qxe4
Rxe4 32. Rd3 Ke7 33. Kg2 Re6 34. Kf3 Rf6+ 35. Ke2 Rh6 36. e4 Rh4 37. Re3
Ke6 38. Kd3 Ke5 39. a4 b6 40. b5 c5 41. Rf3 Rf4 42. Re3 h6 43. c4 Rf1 44.
Kc3 Kf4 45. Re2 Rf3+ 46. Kb2 Rxh3 47. Rd2 Kxe4 48. Rd7 Rf3 49. a5 bxa5 50.
Kc2 h5 51. Rxa7 Kd4 52. b6 Kxc4 53. Rxa5 Rc3+ 54. Kd2 Rb3 55. Ra7 Rb2+ 56.
Kc1 Rxb6 57. Rxf7 Rh6 58. Rf4+ Kd3 0-1

[Event "35th World Open"]
[Site "King of Prussia USA"]
[Date "2007.06.04"]
[Round "9"]
[White "Tuvshintugs,B"]
[Black "Simutowe,A"]
[Result "1-0"]
[WhiteElo "2229"]
[BlackElo "2419"]
[EventDate "2007.06.30"]

1. e4 c5 2. Nf3 d6 3. d4 cxd4 4. Nxd4 Nf6 5. Nc3 a6 6. Bg5 Nbd7 7. f4 Qb6
8. Nb3 h6 9. Bxf6 Nxf6 10. Be2 Qe3 11. Qd2 Qxd2+ 12. Nxd2 g5 13. e5 dxe5
14. fxe5 Nd7 15. Nd5 Ra7 16. e6 Nf6 17. exf7+ Kxf7 18. Nb6 Bf5 19. O-O-O e6
20. Ndc4 Bc5 21. Rhf1 h5 22. Nd6+ Kg6 23. Nbc8 Bxd6 24. Nxd6 Rd8 25. Nxf5
Rxd1+ 26. Kxd1 exf5 27. Bd3 Ne4 28. Bxe4 fxe4 29. Ke2 b5 30. Ke3 Rc7 31.
Rf2 Rc4 32. c3 h4 33. Rd2 Kh5 34. Rd4 Rc8 35. Rxe4 Rc6 36. a4 bxa4 37. Rxa4
Rb6 38. Ra2 Re6+ 39. Kd3 Rd6+ 40. Ke3 Re6+ 41. Kd3 Rd6+ 42. Kc2 Rf6 43. b4
Rf1 44. c4 Rh1 45. h3 g4 46. hxg4+ Kxg4 47. c5 Rf1 48. Kb3 Kf5 49. Rc2 Ke6
50. c6 Rf8 51. Ka4 Kd6 52. c7 Rc8 53. Ka5 1-0

[Event "35th World Open"]
[Site "King of Prussia USA"]
[Date "2007.06.04"]
[Round "9"]
[White "Bercys,S"]
[Black "Kleiman,J"]
[Result "1-0"]
[WhiteElo "2438"]
[BlackElo "2312"]
[EventDate "2007.06.30"]

1. d4 d5 2. c4 c6 3. Nf3 Nf6 4. e3 Bg4 5. Nc3 e6 6. h3 Bh5 7. g4 Bg6 8. Ne5
Nbd7 9. Nxg6 hxg6 10. a3 g5 11. Bd2 Be7 12. Bd3 Rh4 13. Qf3 dxc4 14. Bxc4
e5 15. Ba2 Qc7 16. O-O-O Rh8 17. Kb1 Rf8 18. h4 gxh4 19. g5 Nh7 20. g6 fxg6
21. Qg4 O-O-O 22. Nd5 cxd5 23. Rc1 Nhf6 24. Rxc7+ Kxc7 25. Qe6 Rfe8 26.
dxe5 Bb4 27. Qh3 Bxd2 28. exf6 Nxf6 29. Rd1 Ba5 30. Qh2+ Kc8 31. Rc1+ Kd7
32. Qxh4 Re4 33. Qg3 Rg4 34. Qh2 Bb6 35. Bxd5 Ke7 36. Qe5+ Kf8 37. Bxb7 Re8
38. Qd6+ Kg8 39. Bd5+ Kh7 40. Rh1+ Nh5 41. Bf7 Rd8 42. Qe5 1-0